000 00464nam a2200157Ia 4500
003 SGT
082 _a5.133
_bSHA
100 _aSharma,A.K
245 _aFundamental of computer programming with C
250 _a1st Ed.
260 _bDhanpat Rai Publication
_aNew Delhi
_c2010
300 _aV.P.p.
650 _aCOMPUTER SCIENCE
653 _aEVOLUTION OF COMPUTER,HARDWARE ORGANIZATION OF A COMPUTER,INPUT OUTPUT DEVICES,DATA REPRESENTATION
942 _2ddc
_cBK
_057
999 _c4942
_d4942